000 00666nam a22002177a 4500
003 OSt
005 20140310182348.0
008 130928t xxu||||| |||| 00| 0 eng d
020 _a9780745917788
050 _aBT 320
_b.F73 1986
082 _aGS 232.92
_bF85 1986
100 _aFrank, Penny
_922050
245 _aWhen Jesus was young /
_cstory by Penny Frank; illustrated by John Haysom.
260 _aAustralia :
_bLion Publishing,
_cc1986.
300 _a23 p. :
_bill, ;
_c19 cm.
541 _j1
562 _e1
650 _aJesus Christ
_xChildhood
_xJuvenile literature.
_922051
650 _aBible stories
_xN.T.
_922052
942 _2lcc
_cBK-GS
999 _c12274
_d12274